Statistics for Top Ten Bestselling Boardgames of All Time!

Click here to take the quiz!

General Stats

  • This quiz has been taken 60 times
  • The average score is 5 of 10

Answer Stats

#Boardgame% Correct
4Monopoly
98%
1Chess
80%
6Clue
67%
2Checkers
64%
10Life
36%
5Scrabble
35%
3Backgammon
33%
7Trivial Pursuit
31%
9Candy Land
27%
8Battleship
18%

Score Distribution

Percentile by Number Answered

Percent of People with Each Score

Your Score History

You have not taken this quiz